000 00868nas a2200301 i 4500
001 376
003 ES-MaACL
005 20250814011826.0
007 t|
008 950801c1901 xxkt| | 1 ||ng d
022 _a0006-3444
080 _a(410)
080 _a31
080 _a57
245 0 0 _aBiometrika
_b: a journal for the statistical study of biological problems /
_cedited ... by W.F.R. Weldon.
260 _aCambridge :
_bJ. and C.F. Clay,
_c1901-
300 _a55 v. :
_bgrab. ;
_c28 cm.
310 _aCuatrimestral
321 _aTrimestral,
_b1901-1974
362 0 _aV. I (oct. 1901)-
555 _aIndice vols. 57-78 (1970-1991)
650 1 4 _aEstadĂ­stica.
_912520
650 1 7 _aBiologĂ­a
_2embne
_910580
700 1 _aWeldon, W.F.R.
_9116437
852 _aES-MaACL
_jHem-1062
866 0 _o1901-36,1947-48,1975-99.
999 _c376
_d376